00489nam a2200157Ia 4500100002100000650001600021942000700037366000700044245004500051260002700096082001900123300000800142546001200150999001700162952015200179 aBarnett/Richard  aProgramming cBK f20 aEmbedded C Programming and the Atmel AVR bCengage Learningc2007 a003.3/BARbBAR a459 aENGLISH c22268d22268 001040708CRCaCRCEbCRCEd2023-03-17eDharma Enterprisesg319.20i298 dt 28/04/2009l0o003.3/BAR BARp19623r2023-03-17v399.00w0000-00-00yBK